Oeuvres esthétiques
Saved in:
| Main Author: | |
|---|---|
| Format: | Book |
| Language: | French |
| Published: |
París
Garnier Freres
1965
|
| Subjects: | |
| Tags: |
Add Tag
No Tags, Be the first to tag this record!
|
MARC
| LEADER | 00000nam a2200000 a 4500 | ||
|---|---|---|---|
| 001 | UCV8395 | ||
| 003 | CL-VaPUC | ||
| 008 | 910516e19650000FR |||||||||||||||||fre|d | ||
| 082 | 0 | 4 | |a 111.85 |b DID |2 21 |
| 100 | 0 | |a Diderot, Denis |e author |9 302459 | |
| 245 | 1 | 0 | |a Oeuvres esthétiques |
| 300 | |a 845 p | ||
| 942 | |c BK | ||
| 945 | |d 19910516 00:00:00 | ||
| 260 | |a París |b Garnier Freres |c 1965 | ||
| 600 | 0 | 7 | |a DIDEROT, DENIS |2 CL-VaPUC |9 302460 |
| 650 | 0 | |a Estética |9 264950 | |
| 650 | 0 | |a Empirismo |9 255037 | |
| 583 | |a last modification |c 20120522 08:55:20 |k Rodrigo Vera | ||
| 999 | |c 213920 |d 213918 | ||
| 952 | |0 0 |1 0 |4 0 |6 111_850000000000000_DID_1965 |7 0 |8 P |9 196798 |a BIBARQ |b BIBARQ |d 2019-11-14 |i 2645939 |o 111.85 DID 1965 |p 2645939 |r 2025-01-20 |w 2019-11-14 |y BK |k ARQ | ||